000 00277nam a2200109 a 4500
008 111128s2004|||| d
100 1 _aNater,S.-Nater,R.-Nater,Z.
245 1 0 _aCerliew i jej misterium
260 _bHandel-Uslugi
_aLesko
_c2004
020 _c300
044 _axo
_cSK
999 _c19896
_d19896